000 00721nam a2200217Ii 4500
003 JO-AjNU
008 230606s9999||||xx |||||||||||||| ||und||
020 _a978-0-521-86749-8 , 978-521-68710-2
040 _aJO-AjNU
_beng
_erda
_cJO-AjNU
041 _aeng
050 1 4 _aPQ8180.17.A73.Z6155 2010
100 3 _aEDITED BY: SWANSON, PHILIP,
_eauthor
_92418
245 0 4 _aTHE CAMBRIDGE COMPANION TO GABRIEL GARCIA MARQUEZ
250 _a1 ed
264 3 1 _aNew York:CAMBRIDGE UNIVERSITY PRESS, 2010
300 _a206P
336 _atext
_btxt
_2rdacontent
337 _aunmediated
_bn
_2rdamedia
338 _avolume
_bnc
_2rdacarrier
650 4 _aGarcia Marquez - Gabriel - Criticism and Interpretation - Swanson
_92419
999 _aE1267
_c1267
_d1267